Statystyki dla Puchar Świata - klasyfikacja generalna za sezon 2004/05

Kliknij tutaj aby rozwiązać quiz!

Ogólne statystyki

  • Ten quiz został rozwiązany 36 razy
  • Średni wynik to 47 z 94

Statystyki odpowiedzi

MiejsceSkoczekNarodowośćPkt% Poprawnych
1.Janne AhonenFinlandia1718
100%
4.Adam MałyszPolska1201
97%
6.Jakub JandaCzechy1164
94%
38.Robert MatejaPolska87
84%
13.Daiki ItoJaponia511
81%
47.Jussi HautamaekiFinlandia61
81%
37.Martin SchmittNiemcy90
81%
3.Matti HautamaekiFinlandia1275
81%
16.Noriaki KasaiJaponia416
81%
23.Simon AmmannSzwajcaria243
81%
7.Thomas MorgensternAustria1138
81%
17.Andreas KuttelSzwajcaria395
78%
14.Bjoern Einar RomoerenNorwegia467
78%
29.Dimitriy VassilievRosja169
78%
2.Roar LjoekelsoeyNorwegia1440
78%
45.Robert KranjecSłowenia65
78%
18.Wolfgang LoitzlAustria350
78%
8.Andreas WidhoelzlAustria999
75%
49.Takanobu OkabeJaponia57
75%
40.Andreas KoflerAustria82
72%
15.Jernej DamjanSłowenia451
72%
53.Kamil StochPolska36
72%
30.Kazuyoshi FunakiJaponia133
72%
48.Martin KochAustria60
72%
54.Anders BardalNorwegia28
69%
44.Jan MaturaCzechy66
69%
22.Michael NeumayerNiemcy259
69%
9.Michael UhrmannNiemcy804
69%
67.Emmanuel ChedalFrancja15
66%
Marcin BachledaPolska3
66%
12.Risto JussilainenFinlandia526
66%
56.Denis KornilovRosja23
63%
5.Martin HoellwarthAustria1179
63%
34.Primoz PeterkaSłowenia104
63%
19.Rok BenkovicSłowenia335
63%
27.Stephan HockeNiemcy183
63%
Janne HapponenFinlandia23
59%
10.Lars BystoelNorwegia613
59%
11.Georg SpathNiemcy559
56%
64.Antonin HajekCzechy17
53%
46.Maximilian MechlerNiemcy62
53%
Radik ZhaparovKazachstan12
53%
20.Sigurd PettersenNorwegia314
53%
33.Tami KiuruFinlandia108
53%
91.Alan AlbornStany Zjednoczone1
50%
36.Andreas GoldbergerAustria94
50%
31.Florian LieglAustria129
50%
Jan MazochCzechy9
50%
26.Michael MoellingerSzwajcaria205
50%
25.Tommy IngebrigtsenNorwegia224
50%
Veli-Matti LindstroemFinlandia8
50%
24.Alexander HerrNiemcy233
47%
75.Heung-Chul ChoiKorea Południowa9
47%
43.Peter ZontaSłowenia74
47%
21.Henning StensrudNorwegia275
44%
Akseli KokkonenFinlandia17
41%
35.Hideharu MiyahiraJaponia97
41%
Hyun-Ki KimKorea Południowa3
41%
Nicolas DessumFrancja22
41%
28.Daniel ForfangNorwegia178
38%
70.Fumihisa YumotoJaponia12
38%
42.Akira HigashiJaponia77
34%
Craig JonesStany Zjednoczone15
34%
61.Dimitry IpatovRosja21
34%
Kalle KeituriFinlandia22
34%
77.Kazuya YoshiokaJaponia8
34%
85.Krystian DługopolskiPolska3
34%
41.Morten SolemNorwegia80
34%
74.Reinhard SchwarzenbergerAustria10
34%
Johan EriksonSzwecja4
31%
88.Primoz PiklSłowenia2
31%
62.Ildar FatchullinRosja20
28%
32.Jorg RitzerfeldNiemcy109
28%
Stefan KaiserAustria17
28%
52.Balthasar SchneiderAustria43
25%
72.Bine ZupanSłowenia11
25%
39.Jure BogatajSłowenia85
25%
50.Ferdinand BaderNiemcy48
22%
58.Hiroki YamadaJaponia22
22%
Jaan JurisEstonia2
22%
79.Joonas IkonenFinlandia6
22%
Maksim AnisimovBiałoruś2
22%
Roland MuellerAustria1
22%
Jon AaraasNorwegia5
19%
51.Kimmo YliriestoFinlandia45
19%
Yukio SakanoJaponia4
19%
Stefan PieperNiemcy1
16%
Ivan KaraulovKazachstan1
13%
Stefano ChiappolinoWłochy11
9%
63.Tsuyoshi IchinoheJaponia19
9%
82.Kai BrachtNiemcy4
6%
80.Pekka SalminenFinlandia5
6%
55.Christian BruderNiemcy25
0%
69.Yusuke KanekoJaponia14
0%

Rozkład punktacji

Percentyl według liczby udzielonych odpowiedzi

Procent ludzi z każdym wynikiem

Twoja historia wyników

Nie rozwiązałeś tego quizu